000 00673nam a2200205Ia 4500
008 140321s9999 xx 000 0 und d
020 _a9781908999016
050 _aHF 5657.4
_b.J76 2012
100 _aJones, Tracy.
245 _aStrategic managerial accounting :
_bhospitality, tourism and events applications /
_cTracy Jones, Helen Atkinson, Angela Lorenz with Peter Harris.
250 _a6th ed.
260 _aOxford :
_bGoodfellow Publishers,
_cc2012.
300 _a326 p. :
_c25 cm.
500 _aIncludes index.
521 _aTOU
650 _aDecision making
_xTextbooks.
650 _aManagerial accounting
_xTextbooks.
942 _kFOR
_cBK
999 _c48301
_d48301